[Event "Prague op-B 19th"]
[Site "Prague"]
[Date "2020.01.12"]
[Round "4"]
[White "Strate, Wolfgang"]
[Black "Mithula, Venugopal Srinivasa"]
[Result "1/2-1/2"]
[WhiteElo "1601"]
[BlackElo "1356"]
[PlyCount "31"]
[EventDate "2020.01.10"]
[EventType "swiss"]
[EventRounds "9"]
[EventCountry "CZE"]
[SourceTitle "CBM 195 Extra"]
[Source "ChessBase"]
[SourceDate "2020.05.31"]
[SourceVersion "1"]
[SourceVersionDate "2020.05.31"]
[SourceQuality "1"]

1. d4 Nf6 2. Bf4 g6 3. Nf3 Bg7 4. Nbd2 d5 5. e3 0-0 6. Bd3 Bg4 7. h3 Bd7 8. 0-0 c6 9. Ne5 Be6 10. c3 Qc8 11. g4 Nbd7 12. Kh2 Nxe5 13. Bxe5 Ne8 14. Bxg7 Nxg7 15. f4 Kh8 16. Qf3 1/2-1/2

[Event "Oberursel Anderssen Memorial 1st"]
[Site "Oberursel"]
[Date "2018.09.06"]
[Round "6"]
[White "Strate, Wolfgang"]
[Black "Lebermann, Hellmuth"]
[Result "0-1"]
[WhiteElo "1636"]
[BlackElo "1905"]
[PlyCount "94"]
[EventDate "2018.09.01"]
[EventType "swiss"]
[EventRounds "7"]
[EventCountry "GER"]
[SourceTitle "CBM 186 Extra"]
[Source "ChessBase"]
[SourceDate "2018.08.24"]
[SourceVersion "1"]
[SourceVersionDate "2018.08.24"]
[SourceQuality "1"]

1. d4 c5 2. e3 e6 3. Nf3 Nf6 4. Bd3 b6 5. 0-0 Bb7 6. Re1 d5 7. Nbd2 cxd4 8. exd4 Bd6 9. Ne5 0-0 10. Ndf3 h6 11. c3 Qc7 12. Bd2 Ne4 13. Rc1 Nxd2 14. Qxd2 Qe7 15. Qe2 Nd7 16. Nxd7 Qxd7 17. Bb5 Qe7 18. Ne5 a6 19. Bd3 b5 20. Ng4 Qg5 21. Ne5 Bxe5 22. Qxe5 Qxe5 23. Rxe5 Rac8 24. a3 Rc7 25. f4 Bc8 26. Rce1 f6 27. R5e3 Kf7 28. g3 g6 29. g4 Re7 30. f5 gxf5 31. Bxf5 Rfe8 32. Bc2 Rg8 33. Rg3 e5 34. Bb3 Ke6 35. dxe5 fxe5 36. h3 Bb7 37. Rge3 Kd6 38. Kh2 Rf8 39. Kg3 e4 40. Bd1 Ref7 41. Kh4 Ke5 42. Kg3 Rf1 43. Rxf1 Rxf1 44. Bb3 d4 45. cxd4+ Kxd4 46. Kg2 Kxe3 47. Kxf1 Kd2 0-1

[Event "Oberursel Anderssen Memorial 1st"]
[Site "Oberursel"]
[Date "2018.09.04"]
[Round "4"]
[White "Solinski, Reinert"]
[Black "Strate, Wolfgang"]
[Result "1/2-1/2"]
[WhiteElo "1699"]
[BlackElo "1636"]
[PlyCount "55"]
[EventDate "2018.09.01"]
[EventType "swiss"]
[EventRounds "7"]
[EventCountry "GER"]
[SourceTitle "CBM 186 Extra"]
[Source "ChessBase"]
[SourceDate "2018.08.24"]
[SourceVersion "1"]
[SourceVersionDate "2018.08.24"]
[SourceQuality "1"]

1. d4 Nf6 2. Bf4 d5 3. e3 e6 4. c3 c6 5. Nd2 Bd6 6. Bg3 Qe7 7. Bd3 e5 8. dxe5 Bxe5 9. Ngf3 Nbd7 10. Nxe5 Nxe5 11. Bc2 0-0 12. h3 Ng6 13. Qe2 Re8 14. 0-0-0 Ne4 15. Nxe4 dxe4 16. Rd6 Be6 17. a3 f5 18. Rhd1 Rad8 19. Qd2 Rxd6 20. Bxd6 Qd7 21. Qd4 Bd5 22. Bg3 b5 23. Bb3 Ne7 24. h4 Qb7 25. c4 bxc4 26. Bxc4 Bxc4 27. Qxc4+ Nd5 28. Rd2 1/2-1/2

[Event "Oberursel Anderssen Memorial 1st"]
[Site "Oberursel"]
[Date "2018.09.01"]
[Round "1"]
[White "Strate, Wolfgang"]
[Black "Neurohr, Juergen"]
[Result "0-1"]
[WhiteElo "1636"]
[BlackElo "2076"]
[PlyCount "46"]
[EventDate "2018.09.01"]
[EventType "swiss"]
[EventRounds "7"]
[EventCountry "GER"]
[SourceTitle "CBM 186 Extra"]
[Source "ChessBase"]
[SourceDate "2018.08.24"]
[SourceVersion "1"]
[SourceVersionDate "2018.08.24"]
[SourceQuality "1"]

1. d4 Nf6 2. f3 d5 3. e4 dxe4 4. Nc3 exf3 5. Nxf3 c6 6. Bc4 Bf5 7. Ne5 e6 8. 0-0 Bxc2 9. Qxc2 Qxd4+ 10. Kh1 Qxe5 11. Bf4 Qc5 12. Qe2 Nbd7 13. Be3 Qh5 14. Qd2 Bc5 15. Bxc5 Qxc5 16. Qe2 0-0 17. Rad1 Rad8 18. Ne4 Nxe4 19. Qxe4 Nf6 20. Qh4 Qh5 21. Rd4 Qxh4 22. Rxh4 Rd2 23. h3 Rfd8 0-1

[Event "Heusenstamm Sparkassen op-B 3rd"]
[Site "Heusenstamm"]
[Date "2016.11.27"]
[Round "5"]
[White "Brunner, Andreas"]
[Black "Strate, Wolfgang"]
[Result "0-1"]
[WhiteElo "1413"]
[BlackElo "1637"]
[PlyCount "160"]
[EventDate "2016.11.27"]
[EventType "swiss"]
[EventRounds "7"]
[EventCountry "GER"]
[SourceTitle "EXT 2018"]
[Source "ChessBase"]
[SourceDate "2017.10.13"]
[SourceVersion "1"]
[SourceVersionDate "2017.10.13"]
[SourceQuality "1"]

1. d4 Nf6 2. e3 d5 3. c4 e6 4. Nf3 Bd6 5. Nc3 c6 6. c5 Be7 7. Bd3 Nbd7 8. b4 0-0 9. Qc2 Re8 10. 0-0 Bf8 11. Ne5 g6 12. f4 Nxe5 13. fxe5 Ng4 14. h3 Nh6 15. Ne2 Nf5 16. Bxf5 exf5 17. Ng3 Bh6 18. e4 Bxc1 19. Qxc1 dxe4 20. Qh6 Qxd4+ 21. Kh2 Qxe5 22. Rae1 Qg7 23. Qf4 Be6 24. Qc7 f6 25. Qa5 Red8 26. Ne2 Bc4 27. b5 Bxb5 28. a4 Ba6 29. Qc3 Qe7 30. Rf4 Qe5 31. Qb3+ Kg7 32. g3 Qxc5 33. Qe6 Qe5 34. Qa2 Rd5 35. Qa3 Rad8 36. Rf2 Rd3 37. Qb4 Qd6 38. Qb2 Rd7 39. h4 Qa3 40. Qxa3 Rxa3 41. Nf4 Rxa4 42. Re3 Bc4 43. Rg2 Ra2 44. Rc3 Rxg2+ 45. Kxg2 Rd2+ 46. Kg1 b5 47. Ra3 Ra2 48. Rc3 Rd2 49. Ra3 Rd7 50. Ra6 Bd5 51. Kf2 Kf7 52. Ke3 b4 53. Kd2 b3 54. Kc3 Rb7 55. Kb2 Ke7 56. Ra5 Kd6 57. Ne2 Ke5 58. Ra4 c5 59. Ra5 Kd6 60. Ra6+ Ke7 61. Nc3 Bc4 62. Ra4 Bd3 63. Nd1 c4 64. Nc3 Rd7 65. Ra1 e3 66. Re1 e2 67. Nxe2 Bxe2 68. Rxe2+ Kd6 69. Re1 Kc5 70. Re8 Kd4 71. Rf8 Ke4 72. Rc8 Rd2+ 73. Kb1 Kd3 74. h5 Kc3 75. Rxc4+ Kxc4 76. hxg6 hxg6 77. g4 Kc3 78. Kc1 b2+ 79. Kb1 Kb3 80. g5 Rd1# 0-1

[Event "Heusenstamm Sparkassen op-B 3rd"]
[Site "Heusenstamm"]
[Date "2016.11.27"]
[Round "3"]
[White "Kirchner, Stefan2"]
[Black "Strate, Wolfgang"]
[Result "1-0"]
[WhiteElo "1509"]
[BlackElo "1637"]
[PlyCount "51"]
[EventDate "2016.11.27"]
[EventType "swiss"]
[EventRounds "7"]
[EventCountry "GER"]
[SourceTitle "EXT 2018"]
[Source "ChessBase"]
[SourceDate "2017.10.13"]
[SourceVersion "1"]
[SourceVersionDate "2017.10.13"]
[SourceQuality "1"]

1. e4 d5 2. exd5 Nf6 3. Nf3 Qxd5 4. Nc3 Qd8 5. d4 Bg4 6. Be2 e6 7. Bg5 Be7 8. Qd2 Nbd7 9. h3 Bxf3 10. Bxf3 c6 11. 0-0 0-0 12. Rfe1 h6 13. Bf4 Rc8 14. Ne4 Nxe4 15. Bxe4 Nf6 16. Bd3 Bd6 17. Bxh6 gxh6 18. Qxh6 Re8 19. Re3 Nd5 20. Bh7+ Kh8 21. Rf3 Bf8 22. Qh5 Nf6 23. Rxf6 Qxf6 24. Bg6+ Bh6 25. Qxh6+ Kg8 26. Bh7+ 1-0

[Event "Vilnius op 2nd"]
[Site "Vilnius"]
[Date "2012.12.03"]
[Round "3"]
[White "Strate, Wolfgang"]
[Black "Vaitonis, Vytautas"]
[Result "1/2-1/2"]
[WhiteElo "1681"]
[BlackElo "2041"]
[PlyCount "34"]
[EventDate "2012.12.01"]
[EventType "swiss"]
[EventRounds "9"]
[EventCountry "LTU"]
[SourceTitle "EXT 2022"]
[Source "ChessBase"]
[SourceDate "2021.10.06"]
[SourceVersion "1"]
[SourceVersionDate "2021.10.06"]
[SourceQuality "1"]

1. d4 d5 2. e4 dxe4 3. Nc3 Nf6 4. f3 e3 5. Bxe3 g6 6. Bc4 Bg7 7. Qd2 0-0 8. Nge2 Nbd7 9. Bb3 c6 10. 0-0-0 a5 11. d5 a4 12. Bxa4 Nxd5 13. Nxd5 cxd5 14. Bb3 e6 15. Qb4 Ne5 16. Kb1 Nc6 17. Qd2 Qa5 1/2-1/2

[Event "Reunion op 14th"]
[Site "St Denis"]
[Date "2012.10.07"]
[Round "2"]
[White "Rivolo, Jean Guillaume"]
[Black "Strate, Wolfgang"]
[Result "1/2-1/2"]
[WhiteElo "1486"]
[BlackElo "1689"]
[PlyCount "52"]
[EventDate "2012.10.06"]
[EventType "swiss"]
[EventRounds "9"]
[EventCountry "RUF"]
[SourceTitle "EXT 2013"]
[Source "ChessBase"]
[SourceDate "2012.11.22"]
[SourceVersion "1"]
[SourceVersionDate "2012.11.22"]
[SourceQuality "1"]

1. d4 Nf6 2. Nf3 d5 3. Bg5 e6 4. e3 Be7 5. c4 Nbd7 6. Nc3 0-0 7. a3 Re8 8. Be2 dxc4 9. Bxc4 Nb6 10. Bd3 h6 11. Bh4 Nbd5 12. Qc2 c6 13. 0-0 Nxc3 14. Qxc3 Nd5 15. Bxe7 Qxe7 16. Qc2 Bd7 17. Ne5 Rec8 18. Rfc1 Rc7 19. Bh7+ Kh8 20. Be4 Be8 21. Nd3 Qg5 22. Qe2 Rac8 23. Rc2 Nf6 24. Bf3 Nd5 25. Rac1 Qh4 26. Ne5 Qe7 1/2-1/2

[Event "Wiesbaden op 24th"]
[Site "Wiesbaden"]
[Date "2012.08.26"]
[Round "6"]
[White "Launert, Martin"]
[Black "Strate, Wolfgang"]
[Result "1-0"]
[WhiteElo "1870"]
[BlackElo "1701"]
[PlyCount "59"]
[EventDate "2012.08.23"]
[EventType "swiss"]
[EventRounds "7"]
[EventCountry "GER"]
[SourceTitle "CBM 150 Extra"]
[Source "ChessBase"]
[SourceDate "2012.10.19"]
[SourceVersion "1"]
[SourceVersionDate "2012.10.19"]
[SourceQuality "1"]

1. e4 d5 2. exd5 Nf6 3. d4 Qxd5 4. Nf3 e6 5. Nc3 Qd8 6. Bf4 Bd6 7. Qd2 c6 8. Bxd6 Qxd6 9. 0-0-0 Nbd7 10. Kb1 Nb6 11. Qg5 0-0 12. Bd3 Nbd5 13. Ne5 Nxc3+ 14. bxc3 Nd5 15. Kb2 Qc7 16. Nc4 b5 17. Ne3 Qa5 18. Nxd5 cxd5 19. Qh4 g6 20. Qg3 b4 21. c4 Qa3+ 22. Kb1 dxc4 23. Bxc4 Qxg3 24. hxg3 Bb7 25. f3 Rac8 26. Bd3 Rc3 27. Rh4 f6 28. Rdh1 f5 29. Rxh7 Rf7 30. Rxf7 1-0

[Event "Rhein Main op-B 15th"]
[Site "Bad Homburg"]
[Date "2012.06.07"]
[Round "2"]
[White "Rolf, Marco"]
[Black "Strate, Wolfgang"]
[Result "1/2-1/2"]
[WhiteElo "1898"]
[BlackElo "1716"]
[PlyCount "45"]
[EventDate "2012.06.06"]
[EventType "swiss"]
[EventRounds "7"]
[EventCountry "GER"]
[SourceTitle "EXT 2013"]
[Source "ChessBase"]
[SourceDate "2012.11.22"]
[SourceVersion "1"]
[SourceVersionDate "2012.11.22"]
[SourceQuality "1"]

1. d4 Nf6 2. c4 e5 3. dxe5 Ng4 4. Bf4 Bb4+ 5. Nd2 Nc6 6. Ngf3 Qe7 7. a3 Bxd2+ 8. Qxd2 Ngxe5 9. Nxe5 Nxe5 10. Qc3 f6 11. e3 d6 12. c5 d5 13. Bb5+ c6 14. Ba4 Bf5 15. 0-0 0-0 16. Rfd1 Rfd8 17. b4 Rac8 18. Bb3 Qf7 19. Bxe5 fxe5 20. Qxe5 Re8 21. Qg3 Re6 22. Rd4 Be4 23. Qh3 1/2-1/2

[Event "Reunion op 11th"]
[Site "St Denis"]
[Date "2009.10.16"]
[Round "8"]
[White "Strate, Wolfgang"]
[Black "Rivolo, Jean Guillaume"]
[Result "1-0"]
[WhiteElo "1656"]
[BlackElo "1510"]
[PlyCount "74"]
[EventDate "2009.10.10"]
[EventType "swiss"]
[EventRounds "9"]
[EventCountry "RUF"]
[SourceTitle "CBM 132 Extra"]
[Source "ChessBase"]
[SourceDate "2009.11.03"]
[SourceVersion "1"]
[SourceVersionDate "2009.11.03"]
[SourceQuality "1"]

1. d4 d5 2. Nf3 Nf6 3. c4 c6 4. e3 g6 5. Nc3 Be6 6. cxd5 cxd5 7. Bb5+ Bd7 8. Qb3 e6 9. Bd2 Bg7 10. Rc1 0-0 11. 0-0 Nc6 12. Na4 a6 13. Be2 b5 14. Nc5 Bc8 15. Nd3 Bb7 16. Nc5 Bc8 17. Nxe6 fxe6 18. Rxc6 Bd7 19. Rc2 Re8 20. Rfc1 Bf8 21. Bb4 Bxb4 22. Qxb4 a5 23. Qd6 Ne4 24. Qe5 b4 25. Rc7 Rf8 26. Bb5 Rc8 27. Rxc8 Bxc8 28. Rc7 Rf7 29. Rxf7 Kxf7 30. Qf4+ Kg8 31. Qb8 Qf8 32. Bd3 Nd6 33. Qc7 Nb7 34. Ng5 Qh6 35. Qxc8+ Kg7 36. Qxb7+ Kf6 37. Nxh7+ Qxh7 1-0

[Event "Reunion op 11th"]
[Site "St Denis"]
[Date "2009.10.11"]
[Round "3"]
[White "Ranaivoharisoa, Alain"]
[Black "Strate, Wolfgang"]
[Result "1-0"]
[WhiteElo "2131"]
[BlackElo "1656"]
[PlyCount "39"]
[EventDate "2009.10.10"]
[EventType "swiss"]
[EventRounds "9"]
[EventCountry "RUF"]
[SourceTitle "CBM 132 Extra"]
[Source "ChessBase"]
[SourceDate "2009.11.03"]
[SourceVersion "1"]
[SourceVersionDate "2009.11.03"]
[SourceQuality "1"]

1. e4 d5 2. exd5 Nf6 3. Bb5+ Bd7 4. Be2 Nxd5 5. d4 e6 6. Nf3 c5 7. c4 Nf6 8. d5 exd5 9. cxd5 Bd6 10. 0-0 0-0 11. Nc3 Re8 12. Bg5 h6 13. Bh4 Bg4 14. Bxf6 Qxf6 15. Qa4 Bd7 16. Bb5 Bxb5 17. Qxb5 Re7 18. Rae1 a6 19. Qa4 b5 20. Nxb5 1-0

[Event "Reunion op 10th"]
[Site "St Denis"]
[Date "2008.10.12"]
[Round "2"]
[White "Damey, Loic"]
[Black "Strate, Wolfgang"]
[Result "1-0"]
[WhiteElo "1952"]
[BlackElo "1668"]
[PlyCount "63"]
[EventDate "2008.10.11"]
[EventType "swiss"]
[EventRounds "9"]
[EventCountry "RUF"]
[SourceTitle "EXT 2009"]
[Source "ChessBase"]
[SourceDate "2008.11.26"]
[SourceVersion "1"]
[SourceVersionDate "2008.11.26"]
[SourceQuality "1"]

1. d4 Nf6 2. Nf3 d5 3. Bf4 e6 4. e3 Nbd7 5. Bd3 c5 6. c3 Be7 7. Ne5 Qb6 8. b3 0-0 9. 0-0 Rd8 10. Nd2 Bd6 11. h3 Qc7 12. Ndf3 h6 13. Qc2 Nh5 14. Bh7+ Kf8 15. Nxf7 Kxf7 16. Bg6+ Kg8 17. Bxd6 Qxd6 18. Bxh5 Nf6 19. Bg6 Bd7 20. Ne5 Be8 21. Bd3 Nd7 22. f4 Nxe5 23. fxe5 Qe7 24. Rf4 Bh5 25. Raf1 Rf8 26. Qf2 Rxf4 27. Qxf4 cxd4 28. exd4 Rf8 29. Qxf8+ Qxf8 30. Bh7+ Kxh7 31. Rxf8 Kg6 32. Rb8 1-0